Banking Law and Practice/ (Record no. 36415)
[ view plain ]
| 000 -LEADER | |
|---|---|
| fixed length control field | 00430nam a22001577a 4500 |
| 005 - DATE AND TIME OF LATEST TRANSACTION | |
| control field | 20240820101759.0 |
| 008 - FIXED-LENGTH DATA ELEMENTS--GENERAL INFORMATION | |
| fixed length control field | 240820b |||||||| |||| 00| 0 eng d |
| 082 ## - DEWEY DECIMAL CLASSIFICATION NUMBER | |
| Classification number | 332.17 |
| Item number | BAN |
| 245 ## - TITLE STATEMENT | |
| Title | Banking Law and Practice/ |
| Statement of responsibility, etc. | The Institute of Bankers Pakistan |
| 260 ## - PUBLICATION, DISTRIBUTION, ETC. | |
| Place of Publication | Karachi |
| Name of publisher, distributor, etc. | The Institute of Bankers Pakistan |
| Date of publication, distribution, etc. | 2002 |
| 300 ## - PHYSICAL DESCRIPTION | |
| Pages | 166 p.: |
| 490 ## - SERIES STATEMENT | |
| Volume | Vol-I |
| 650 ## - SUBJECT ADDED ENTRY--TOPICAL TERM | |
| Subject / Department | Social Sciences |
| 300 ## - PHYSICAL DESCRIPTION | |
| -- | 24 cm. |
| 952 ## - LOCATION AND ITEM INFORMATION (KOHA) | |
| -- | 0 |
| -- | 0 |
| Lost status | Damaged status | Collection code | Permanent Location | Current Location | Shelving Location | Date acquired | Full Call Number | Accession No./Barcode | Date last seen | item type | Koha item type |
|---|---|---|---|---|---|---|---|---|---|---|---|
| Science | Superior Information Resource Center (SIRC) Superior University - City Campus | Superior Information Resource Center (SIRC) Superior University - City Campus | Economics | 08/20/2024 | 332.17 BAN- 2002 | 4921 | 08/20/2024 | BOOK | BOOK |
